[Event "FRA-ch U20 Girls"]
[Site "Amiens"]
[Date "2001.04.11"]
[Round "3"]
[White "Pokee, Anne Josephe"]
[Black "Sarilar, Veronique"]
[Result "1-0"]
[WhiteElo "1810"]
[BlackElo "1399"]
[PlyCount "35"]
[EventDate "2001.04.??"]
[EventType "swiss"]
[EventRounds "9"]
[EventCountry "FRA"]
[SourceTitle "EXT 2005"]
[Source "ChessBase"]
[SourceDate "2004.11.15"]
[SourceVersion "1"]
[SourceVersionDate "2004.11.15"]
[SourceQuality "1"]

1. e4 e6 2. d4 d5 3. e5 c5 4. c3 Qb6 5. a3 Bd7 6. b4 cxd4 7. cxd4 Bb5 8. Bxb5+ Qxb5 9. Nc3 Qa6 10. Qa4+ Qxa4 11. Nxa4 Nc6 12. Nf3 f6 13. Nc5 fxe5 14. Nxe6 exd4 15. Nc7+ Kd8 16. Nxa8 b6 17. Ng5 Nf6 18. Nf7+ 1-0